LEADER 00998nam2-2200349---450- 001 990000900790403321 005 20061108120047.0 035 $a000090079 035 $aFED01000090079 035 $a(Aleph)000090079FED01 035 $a000090079 100 $a20020821d1974----km-y0itay50------ba 101 0 $afre 102 $aFR 105 $aa-------001yy 200 1 $a<<1.>> : Milieu continus solides$aPlaques et coques$fpar Serge Laroze 210 $aParis$cEyrolles$cMasson$d1974 215 $a221 p.$cill.$d25 cm 461 0$1001000088579$12001$aRésistance des matériaux et structures 610 0 $aScienza delle costruzioni 676 $a624 700 1$aLaroze,$bSerge$043350 801 0$aIT$bUNINA$gRICA$2UNIMARC 901 $aBK 912 $a990000900790403321 952 $a000090079000001$fIINTC 952 $aA 124$b809$fDINPA 959 $aIINTC 959 $aDINPA 996 $aPlaques et coques$9357712 996 $aMilieu continus solides$9357711 997 $aUNINA LEADER 02064nas 2200421 n 450 001 990009030920403321 005 20240229084443.0 011 $a1591-8149 035 $a000903092 035 $aFED01000903092 035 $a(Aleph)000903092FED01 035 $a000903092 091 $2CNR$aP 00083442 100 $a20090724b19371938km-y0itaa50------ba 101 0 $aita 102 $aIT 110 $aauu-------- 200 1 $aPubblicazioni dell'Istituto di Topografia e Geodesia. R. Politecnico, Milano 207 1$a1937-1938 210 $aMilano$c[s.n.] 430 0$1001000903091$12001$aPubblicazioni dell'Istituto di Topografia e Geodesia. R. Istituto Superiore di Ingegneria. R. Politecnico, Milano 440 0$1001000903089$12001$aPubblicazioni dell'Istituto di Geodesia, Topografia e Fotogrammetria del Politecnico di Milano 530 0 $aPubblicazioni dell'Istituto di Topografia e Geodesia. R. Politecnico, Milano 675 $a528 675 $a528.4 675 $a378 712 02$aPolitecnico di Milano.$bIstituto di topografia e di geodesia 801 0$aIT$bACNP$c20090723 859 4 $uhttp://acnp.cib.unibo.it/cgi-ser/start/it/cnr/dc-p1.tcl?catno=55211&person=false&language=ITALIANO&libr=&libr_th=unina1$zBiblioteche che possiedono il periodico 901 $aSE 912 $a990009030920403321 958 $aBiblioteca Centrale "F. Gasparini". Facoltà di Ingegneria. Università degli Studi di Napoli "Federico II"$b1937-1938.$edIVb13$fFINBC FINAG 959 $aFINBC 959 $aFINAG 996 $aPubblicazioni dell'Istituto di Topografia e Geodesia. R. Politecnico, Milano$9790973 997 $aUNINA AP1 8 $6866-01$aNA104 Biblioteca Centrale "F. Gasparini". Facoltà di Ingegneria. Università degli Studi di Napoli "Federico II"$bdIVb13$ep.le Tecchio,80, 80125 Napoli (NA)$m0817682190;0817682195$m0817682188$nit AP2 40$aacnp.cib.unibo.it$nACNP Italian Union Catalogue of Serials$uhttp://acnp.cib.unibo.it/cgi-ser/start/it/cnr/df-p.tcl?catno=55211&language=ITALIANO&libr=&person=&B=1&libr_th=unina&proposto=NO LEADER 02181nas 2200469-a 450 001 9910301267603321 005 20240413015446.0 011 $a2495-5728 035 $a(CKB)3840000000199670 035 $a(CONSER)sn-98032408- 035 $a(EXLCZ)993840000000199670 100 $a19970702b19972018 -a- b 101 0 $afre 181 $ctxt$2rdacontent 182 $cc$2rdamedia 183 $acr$2rdacarrier 200 10$aBulletin archéologique du Comité des travaux historiques et scientifiques /$fMinistère de l'éducation nationale, de l'enseignement supérieur et de la recherche 210 1$aParis :$cEditions du CTHS,$d1997- 215 $a1 online resource 300 $aAlternate issues for 1997-2007 have section titles: Moyen Age, Renaissance, temps modernes; and: Antiquité, archéologie classique. Alternate issues for 2008- have section titles: Archéologie, histoire de l'art, époques médiévale et moderne; and: Antiquité, archéologie classique. The sections do not have their own numbering. 311 08$aPrint version: Bulletin archéologique du Comité des travaux historiques et scientifiques (1997) 1286-0999 (DLC)sn 98032408 (OCoLC)37229067 517 1 $aBulletin archéologique 517 1 $aBulletin archéologique du CTHS 606 $aAntiquities$2fast$3(OCoLC)fst00810745 607 $aFrance$xAntiquities$vPeriodicals 607 $aFrance$xHistory$vPeriodicals 607 $aFrance$xAntiquités$vPériodiques 607 $aFrance$xHistoire$vPériodiques 607 $aFrance$2fast 608 $aHistory.$2fast 608 $aPeriodicals.$2fast 608 $aPeriodicals.$2lcgft 615 7$aAntiquities. 676 $a944.005 712 02$aFrance.$bComité des travaux historiques et scientifiques. 712 02$aFrance.$bMinistère de l'éducation nationale, de l'enseignement supérieur et de la recherche. 712 02$aFrance.$bMinistère de l'éducation nationale, de la recherche et de la technologie. 906 $aJOURNAL 912 $a9910301267603321 920 $aexl_impl conversion 996 $aBulletin archéologique du Comité des travaux historiques et scientifiques$92160288 997 $aUNINA